000 00686cab a2200253 4500
001 WB3019-23
008 090401t1994 xxu||||| |||| 00| 0 eng d
035 _a(Sirsi) u53086
041 _aeng
245 _aHouse sales threats
260 _c1994
350 _a0
490 _aTimes
_v18 May 1994, 37(1)
520 _aResidential agents claim that surveyors are undervaluing London homes.
650 _aHOUSE SALES
650 _aHOUSING MARKET
650 _aRICS
650 _aUNDER-VALUATION
650 _aVALUATION ISSUES
690 _aPROPERTY-RESIDENTIAL PROPERTY-RESIDENTIAL PROPERTY MARKET
690 _aRATING AND VALUATION
942 _n0
948 _c04/03/1997
999 _c32747
_d32747